[Event "Sautron op qual 17th"]
[Site "Sautron"]
[Date "2017.09.01"]
[Round "3.7"]
[White "Larand, Manuel"]
[Black "Crouan, Stephane"]
[Result "0-1"]
[WhiteElo "1958"]
[BlackElo "2163"]
[PlyCount "80"]
[EventDate "2017.10.22"]
[EventType "swiss"]
[EventRounds "9"]
[EventCountry "FRA"]
[SourceTitle "EXT 2020"]
[Source "ChessBase"]
[SourceDate "2019.10.17"]
[SourceVersion "1"]
[SourceVersionDate "2019.10.17"]
[SourceQuality "1"]

1. Nf3 Nf6 2. g3 g6 3. Bg2 Bg7 4. c4 0-0 5. Nc3 d6 6. d4 c6 7. 0-0 Bf5 8. Nh4 Bg4 9. h3 Be6 10. Qd3 d5 11. c5 b6 12. cxb6 axb6 13. Be3 Na6 14. f4 Bc8 15. a3 Nc7 16. g4 Nd7 17. g5 e6 18. Nf3 Ba6 19. Qc2 c5 20. b3 Rc8 21. Qb2 Ne8 22. b4 Nd6 23. b5 Nc4 24. Qc1 Nxe3 25. Qxe3 cxd4 26. Nxd4 Bb7 27. Qd2 e5 28. Nc6 Bxc6 29. bxc6 Rxc6 30. Nxd5 Rd6 31. Rad1 Kh8 32. f5 gxf5 33. Rxf5 Nc5 34. Qa2 Ne6 35. Rdf1 Nxg5 36. h4 Ne6 37. Qc4 Nd4 38. Rxf7 Rxf7 39. Rxf7 Rc6 40. Qa4 Nxe2+ 0-1

[Event "Gorges op 27th"]
[Site "Gorges"]
[Date "2017.07.09"]
[Round "4"]
[White "Crouan, Stephane"]
[Black "Eugene, Floryan"]
[Result "1/2-1/2"]
[WhiteElo "2172"]
[BlackElo "2193"]
[PlyCount "37"]
[EventDate "2017.07.08"]
[EventType "swiss"]
[EventRounds "5"]
[EventCountry "FRA"]
[SourceTitle "EXT 2019"]
[Source "ChessBase"]
[SourceDate "2018.10.10"]
[SourceVersion "1"]
[SourceVersionDate "2018.10.10"]
[SourceQuality "1"]

1. e4 e5 2. Nf3 Nc6 3. Bb5 a6 4. Ba4 Nf6 5. 0-0 Be7 6. Re1 b5 7. Bb3 0-0 8. a4 Rb8 9. c3 d6 10. h3 Na5 11. Bc2 c5 12. d4 Nd7 13. Nbd2 exd4 14. cxd4 Nc6 15. axb5 axb5 16. Nf1 cxd4 17. Nxd4 Nxd4 18. Qxd4 Ne5 19. Ne3 1/2-1/2

[Event "Fontenay le Comte Pohu Cup 16th"]
[Site "Fontenay le Comte"]
[Date "2017.06.03"]
[Round "2"]
[White "Crouan, Stephane"]
[Black "Dalaud, Dorian"]
[Result "1/2-1/2"]
[WhiteElo "2192"]
[BlackElo "1911"]
[PlyCount "93"]
[EventDate "2017.06.03"]
[EventType "swiss"]
[EventRounds "7"]
[EventCountry "FRA"]
[SourceTitle "EXT 2018"]
[Source "ChessBase"]
[SourceDate "2017.10.13"]
[SourceVersion "1"]
[SourceVersionDate "2017.10.13"]
[SourceQuality "1"]

1. e4 c5 2. Nf3 d6 3. d4 cxd4 4. Nxd4 Nf6 5. Nc3 a6 6. Bg5 Nbd7 7. f4 Qb6 8. Nb3 h6 9. Bxf6 Nxf6 10. Qf3 g6 11. Bd3 Bg7 12. f5 g5 13. 0-0-0 Bd7 14. Rhe1 0-0 15. Nd5 Nxd5 16. exd5 a5 17. f6 exf6 18. Re7 a4 19. Nd4 f5 20. Nxf5 Qxb2+ 21. Kd2 Qb4+ 22. Ke2 Rae8 23. Kf1 Bxf5 24. Qxf5 Qf4+ 25. Qxf4 gxf4 26. Rxb7 Rb8 27. Rdb1 Rxb7 28. Rxb7 a3 29. Kf2 Ra8 30. Kf3 Be5 31. Kg4 Kg7 32. Kf5 Ra4 33. c4 f3 34. gxf3 Bxh2 35. f4 Bg1 36. Be2 Ra7 37. Rb3 Bc5 38. Rg3+ Kf8 39. Rb3 Re7 40. Bh5 Re3 41. Rb8+ Re8 42. Rb5 Re3 43. Rb1 Re8 44. Bf3 Re3 45. Bh5 Re8 46. Rb3 Re3 47. Rb7 1/2-1/2

[Event "Sautron op 16th"]
[Site "Sautron"]
[Date "2016.10.22"]
[Round "1.27"]
[White "Crouan, Stephane"]
[Black "Harutyunyan, Safar"]
[Result "1-0"]
[WhiteElo "2142"]
[BlackElo "1896"]
[PlyCount "71"]
[EventDate "2016.10.22"]
[EventType "swiss"]
[EventRounds "9"]
[EventCountry "FRA"]
[SourceTitle "EXT 2019"]
[Source "ChessBase"]
[SourceDate "2018.10.10"]
[SourceVersion "1"]
[SourceVersionDate "2018.10.10"]
[SourceQuality "1"]

1. e4 c5 2. Nf3 d6 3. d4 cxd4 4. Nxd4 Nf6 5. Nc3 Nc6 6. Bg5 e6 7. Qd2 a6 8. 0-0-0 Bd7 9. f4 h6 10. Bh4 g5 11. fxg5 Ng4 12. Nf3 Be7 13. Kb1 Nge5 14. Be2 Rg8 15. Bg3 hxg5 16. Rhf1 Qc7 17. Nxe5 dxe5 18. Nd5 exd5 19. exd5 0-0-0 20. dxc6 Bxc6 21. Qe3 f6 22. Bg4+ Kb8 23. Bf2 b5 24. g3 Rd5 25. Rxd5 Bxd5 26. Bf5 Rd8 27. Rc1 Bb4 28. c3 Be7 29. h4 gxh4 30. gxh4 Bf7 31. Rg1 Qb7 32. b3 Bf8 33. Kb2 b4 34. Rc1 bxc3+ 35. Rxc3 Rd4 36. Rc8+ 1-0

[Event "Sautron op 15th"]
[Site "Sautron"]
[Date "2015.10.24"]
[Round "8.10"]
[White "Bogdanov, Egor"]
[Black "Crouan, Stephane"]
[Result "1-0"]
[WhiteElo "2317"]
[BlackElo "2150"]
[PlyCount "63"]
[EventDate "2015.10.24"]
[EventType "swiss"]
[EventRounds "9"]
[EventCountry "FRA"]
[SourceTitle "CBM 169 Extra"]
[Source "ChessBase"]
[SourceDate "2015.12.18"]
[SourceVersion "1"]
[SourceVersionDate "2015.12.18"]
[SourceQuality "1"]

1. e4 e5 2. Nf3 Nc6 3. d4 exd4 4. Bc4 Nf6 5. e5 d5 6. Bb5 Ne4 7. Nxd4 Bd7 8. Bxc6 bxc6 9. 0-0 Bc5 10. Be3 Qe7 11. Re1 0-0 12. f3 Ng5 13. Qd2 h6 14. Nc3 Rab8 15. Na4 Bb4 16. c3 c5 17. cxb4 cxd4 18. Bxg5 hxg5 19. Nc5 a5 20. a3 g4 21. fxg4 axb4 22. axb4 Bxg4 23. Qxd4 Be6 24. Ra3 Rb6 25. Rg3 Rfb8 26. Nd3 Rc6 27. Qf4 Rc4 28. Qf6 Qxf6 29. exf6 g6 30. Rxe6 fxe6 31. Rxg6+ Kf8 32. Ne5 1-0

[Event "Sautron op 14th"]
[Site "Sautron"]
[Date "2014.11.01"]
[Round "9"]
[White "Crouan, Stephane"]
[Black "Shirazi, Kamran"]
[Result "0-1"]
[WhiteElo "2181"]
[BlackElo "2368"]
[PlyCount "74"]
[EventDate "2014.10.26"]
[EventType "swiss"]
[EventRounds "9"]
[EventCountry "FRA"]
[SourceTitle "EXT 2015"]
[Source "ChessBase"]
[SourceDate "2014.11.20"]
[SourceVersion "1"]
[SourceVersionDate "2014.11.20"]
[SourceQuality "1"]

1. e4 c5 2. Nf3 f5 3. exf5 Nh6 4. d4 Nxf5 5. dxc5 Qa5+ 6. Nc3 e6 7. Bd3 Qxc5 8. 0-0 Be7 9. Ne4 Qc7 10. Ng3 Nxg3 11. hxg3 0-0 12. Ng5 h6 13. Ne4 d5 14. Nc3 Bc5 15. Bf4 Qf7 16. Be3 Nd7 17. Bxc5 Nxc5 18. Qe2 Bd7 19. Rae1 Qf6 20. f4 Bc6 21. Qf2 Nd7 22. Qd2 a6 23. Ne2 Qxb2 24. g4 e5 25. Bf5 Rae8 26. Bxd7 Qb6+ 27. Kh2 Bxd7 28. Qxd5+ Qe6 29. Qxe5 Qxg4 30. Qd5+ Kh8 31. Qf3 Qh4+ 32. Kg1 Bb5 33. Rf2 Bc6 34. Qc3 Rf5 35. Nd4 Rxe1+ 36. Qxe1 Rxf4 37. Nxc6 Qxf2+ 0-1

[Event "Sautron op 14th"]
[Site "Sautron"]
[Date "2014.10.27"]
[Round "4"]
[White "Sochacki, Christophe"]
[Black "Crouan, Stephane"]
[Result "1/2-1/2"]
[WhiteElo "2412"]
[BlackElo "2176"]
[PlyCount "54"]
[EventDate "2014.10.26"]
[EventType "swiss"]
[EventRounds "9"]
[EventCountry "FRA"]
[SourceTitle "EXT 2015"]
[Source "ChessBase"]
[SourceDate "2014.11.20"]
[SourceVersion "1"]
[SourceVersionDate "2014.11.20"]
[SourceQuality "1"]

1. d4 Nf6 2. Nf3 e6 3. g3 c5 4. Bg2 Nc6 5. 0-0 cxd4 6. Nxd4 Bc5 7. Nb3 Be7 8. Nc3 d5 9. e4 dxe4 10. Nxe4 Qxd1 11. Rxd1 0-0 12. Be3 Nd5 13. Bc5 b6 14. c4 bxc5 15. cxd5 exd5 16. Nexc5 Rb8 17. Bxd5 Nb4 18. Be4 Bf6 19. Rd2 g6 20. Rad1 Nxa2 21. Ra1 Nb4 22. Rxa7 Na6 23. Nb7 Nc7 24. N3a5 Ne6 25. Nb3 Kg7 26. Bd5 h5 27. Nd6 Nd8 1/2-1/2

[Event "Sautron op 14th"]
[Site "Sautron"]
[Date "2014.10.25"]
[Round "7"]
[White "Crouan, Stephane"]
[Black "Lejarre, Ludovic"]
[Result "1/2-1/2"]
[WhiteElo "2176"]
[BlackElo "2361"]
[PlyCount "120"]
[EventDate "2014.10.26"]
[EventType "swiss"]
[EventRounds "9"]
[EventCountry "FRA"]
[SourceTitle "EXT 2015"]
[Source "ChessBase"]
[SourceDate "2014.11.20"]
[SourceVersion "1"]
[SourceVersionDate "2014.11.20"]
[SourceQuality "1"]

1. e4 e5 2. Nf3 Nc6 3. d4 exd4 4. Nxd4 g6 5. Nc3 Bg7 6. Be3 Nf6 7. Qd2 0-0 8. 0-0-0 Re8 9. f3 d5 10. Nb3 dxe4 11. Qf2 Qe7 12. Bc5 Qe5 13. f4 Qh5 14. h3 g5 15. Be2 Qg6 16. fxg5 Qxg5+ 17. Be3 Qe5 18. g4 Nb4 19. Bd4 Qg5+ 20. Be3 Qe5 21. Bd4 Qe6 22. Nc5 Nxa2+ 23. Nxa2 Qxa2 24. Nb3 e3 25. Qf4 Re4 26. Qf3 Rxd4 27. Rxd4 Be6 28. Qxb7 Re8 29. Qc6 Rb8 30. Ra4 Bd5 31. Qa6 Qxa4 32. Qxa4 Bxh1 33. Qxa7 Ra8 34. Qxe3 Re8 35. Qg1 Bd5 36. Bd3 Ne4 37. Bxe4 Bxe4 38. h4 h6 39. Nc5 Bh7 40. g5 hxg5 41. Qxg5 Kh8 42. Nd7 c6 43. c3 Re1+ 44. Kd2 Re6 45. Qd8+ Bg8 46. Kd3 f5 47. h5 Rd6+ 48. Ke3 Rh6 49. Kf4 Rd6 50. Kxf5 Rd2 51. Kg4 Rd6 52. Qc8 Re6 53. Nf8 Rf6 54. Ng6+ Kh7 55. Qc7 Be6+ 56. Kg3 Bf7 57. b4 Kh6 58. Ne7 Kh7 59. Ng6 Kh6 60. Ne7 Kh7 1/2-1/2

[Event "Nantes op 12th"]
[Site "Nantes "]
[Date "2013.12.30"]
[Round "6"]
[White "Colin, Vincent"]
[Black "Crouan, Stephane"]
[Result "1/2-1/2"]
[WhiteElo "2413"]
[BlackElo "2174"]
[PlyCount "67"]
[EventDate "2013.12.27"]
[EventType "swiss"]
[EventRounds "7"]
[EventCountry "FRA"]
[SourceTitle "CBM 158 Extra"]
[Source "ChessBase"]
[SourceDate "2014.02.28"]
[SourceVersion "1"]
[SourceVersionDate "2014.02.28"]
[SourceQuality "1"]

1. d4 Nf6 2. c4 g6 3. Nc3 Bg7 4. e4 d6 5. h3 0-0 6. Bg5 c6 7. Nf3 a6 8. a4 a5 9. Bd3 Na6 10. 0-0 h6 11. Be3 Nh5 12. e5 dxe5 13. dxe5 Nb4 14. Be4 Qxd1 15. Rfxd1 g5 16. Na2 f5 17. exf6 Bxf6 18. Bd4 Nf4 19. Bxf6 exf6 20. Nxb4 axb4 21. Nd4 Ra5 22. Bf3 f5 23. Nb3 Re5 24. Rd4 Be6 25. Nd2 Kg7 26. Kf1 Kf6 27. a5 Ra8 28. a6 Rxa6 29. Rxa6 bxa6 30. Bxc6 Ra5 31. f3 Ra1+ 32. Kf2 Ra2 33. b3 h5 34. g3 1/2-1/2

[Event "Nantes op 11th"]
[Site "Nantes"]
[Date "2012.12.28"]
[Round "3"]
[White "Crouan, Stephane"]
[Black "Genereau, Thierry"]
[Result "1-0"]
[WhiteElo "2197"]
[BlackElo "1499"]
[PlyCount "91"]
[EventDate "2012.12.27"]
[EventType "swiss"]
[EventRounds "7"]
[EventCountry "FRA"]
[SourceTitle "EXT 2014"]
[Source "ChessBase"]
[SourceDate "2013.11.20"]
[SourceVersion "1"]
[SourceVersionDate "2013.11.20"]
[SourceQuality "1"]

1. c4 c6 2. g3 d5 3. Bg2 Nf6 4. d4 g6 5. Nf3 Bg7 6. 0-0 0-0 7. Nc3 a6 8. Bf4 dxc4 9. a4 a5 10. h3 Na6 11. Ne5 Nd5 12. e3 g5 13. Bxg5 f6 14. Bxf6 Bxf6 15. Nxc4 Be6 16. Qe2 c5 17. Nxd5 Bxd5 18. Qg4+ Kh8 19. Bxd5 Qxd5 20. Nb6 Qb3 21. Nxa8 Rxa8 22. Qe4 Rd8 23. Rfd1 cxd4 24. exd4 Qb4 25. Rac1 Rxd4 26. Rc8+ Kg7 27. Rxd4 Qxd4 28. Qe6 Nc5 29. Rg8+ Kh6 30. Qf7 Nd3 31. Qf8+ Bg7 32. Qf5 Qxf2+ 33. Qxf2 Nxf2 34. Kxf2 Bxb2 35. Kf3 b6 36. Ke4 Ba3 37. Kf5 Bc1 38. Ke6 Ba3 39. g4 Bb4 40. Kf5 Bd2 41. g5+ Kh5 42. Rg7 e6+ 43. Kxe6 Bxg5 44. Rxh7+ Kg6 45. Rb7 Be3 46. Kd5 1-0

[Event "Sautron Loire Masters 1st"]
[Site "Sautron"]
[Date "2012.11.01"]
[Round "7"]
[White "Crouan, Stephane"]
[Black "Laurent, Julien G"]
[Result "1/2-1/2"]
[WhiteElo "2203"]
[BlackElo "2332"]
[PlyCount "203"]
[EventDate "2012.10.27"]
[EventType "tourn"]
[EventRounds "9"]
[EventCountry "FRA"]
[EventCategory "4"]
[SourceTitle "EXT 2013"]
[Source "ChessBase"]
[SourceDate "2012.11.22"]
[SourceVersion "1"]
[SourceVersionDate "2012.11.22"]
[SourceQuality "1"]

1. c4 Nf6 2. Nf3 c5 3. Nc3 e6 4. g3 b6 5. Bg2 Bb7 6. 0-0 Be7 7. b3 0-0 8. d4 Ne4 9. Nxe4 Bxe4 10. Be3 Bf6 11. Ne5 Bxg2 12. Kxg2 Bxe5 13. dxe5 Qc7 14. f4 Rd8 15. Qc2 Nc6 16. Rad1 d6 17. exd6 Rxd6 18. Rxd6 Qxd6 19. Rd1 Qc7 20. Qe4 Rd8 21. Rxd8+ Nxd8 22. Bd2 Qd7 23. Bc3 f6 24. Kf2 Nb7 25. g4 Nd6 26. Qa8+ Kf7 27. e4 Qb7 28. Qxb7+ Nxb7 29. Ke3 Nd8 30. b4 cxb4 31. Bxb4 Nc6 32. Bd6 Ke8 33. h4 Kd7 34. Ba3 g6 35. Kd3 g5 36. hxg5 fxg5 37. fxg5 Ne5+ 38. Kd4 Nxg4 39. Bb4 Kc6 40. a4 e5+ 41. Kd3 Nf2+ 42. Ke3 Nd1+ 43. Kf3 Nb2 44. Kg4 Nxa4 45. Kf5 a5 46. Ba3 Nc5 47. Kxe5 Kd7 48. Kd5 Ne6 49. Bc1 a4 50. e5 Nc7+ 51. Ke4 Ke6 52. Be3 b5 53. cxb5 Nxb5 54. Bc1 a3 55. Kf4 a2 56. Bb2 Na3 57. Kg4 Nc4 58. Ba1 Nxe5+ 59. Kh5 Kf5 60. Kh6 Nf3 61. Kxh7 Nxg5+ 62. Kh6 Nf3 63. Kh5 Nd2 64. Kh4 Kf4 65. Kh3 Kf3 66. Kh4 Nb3 67. Bb2 Nc1 68. Ba1 Nb3 69. Bb2 Nd2 70. Ba1 Ne4 71. Kh3 Nf2+ 72. Kh2 Nd1 73. Kg1 Ke3 74. Kg2 Kd3 75. Kf3 Kd2 76. Ke4 Ne3 77. Kf3 Nc2 78. Bb2 Ne1+ 79. Ke4 Kc2 80. Ba1 Kd2 81. Bb2 Nd3 82. Ba1 Nc5+ 83. Kf3 Nb3 84. Bg7 Kd3 85. Bb2 Kc2 86. Bg7 Nd2+ 87. Ke2 Ne4 88. Ba1 Nc3+ 89. Ke1 Na4 90. Ke2 Nc5 91. Ke3 Na4 92. Ke2 Nb6 93. Ke1 Nc4 94. Ke2 Nb2 95. Ke1 Nc4 96. Ke2 Kb1 97. Kd1 Na5 98. Bf6 Nc6 99. Kd2 Na5 100. Kd1 Nc4 101. Ba1 Kxa1 102. Kc2 1/2-1/2

[Event "Sautron Loire Masters 1st"]
[Site "Sautron"]
[Date "2012.10.29"]
[Round "4"]
[White "Shishkin, Vadim"]
[Black "Crouan, Stephane"]
[Result "1-0"]
[WhiteElo "2496"]
[BlackElo "2203"]
[PlyCount "137"]
[EventDate "2012.10.27"]
[EventType "tourn"]
[EventRounds "9"]
[EventCountry "FRA"]
[EventCategory "4"]
[SourceTitle "EXT 2013"]
[Source "ChessBase"]
[SourceDate "2012.11.22"]
[SourceVersion "1"]
[SourceVersionDate "2012.11.22"]
[SourceQuality "1"]

1. d4 Nf6 2. c4 g6 3. Nc3 Bg7 4. e4 d6 5. Nf3 0-0 6. Be2 e5 7. Be3 Ng4 8. Bg5 f6 9. Bh4 Nc6 10. d5 Ne7 11. 0-0 Nh6 12. Nd2 g5 13. Bg3 f5 14. exf5 Nhxf5 15. Bh5 Nd4 16. Nde4 Nef5 17. Qd3 c5 18. Rab1 a6 19. b4 cxb4 20. Rxb4 b5 21. cxb5 axb5 22. f3 Ra3 23. Bf2 Bb7 24. Qd2 h6 25. Bg4 Qa8 26. Bxf5 Nxf5 27. Rfb1 Nd4 28. Nxb5 Rxa2 29. R4b2 Rxb2 30. Qxb2 Nxb5 31. Qxb5 Bxd5 32. Nxd6 Qc6 33. Qxc6 Bxc6 34. Re1 Rf6 35. Nc4 Re6 36. Bd4 e4 37. Bxg7 Kxg7 38. Nd2 e3 39. Nf1 e2 40. Ng3 Bb5 41. Kf2 Ra6 42. Rb1 Bc4 43. Rb2 Kf6 44. Nxe2 Bxe2 45. Rxe2 h5 46. Kg3 Ra4 47. Re4 Ra2 48. h4 gxh4+ 49. Rxh4 Kg5 50. Rd4 Rb2 51. Rd5+ Kg6 52. Re5 Rb1 53. Kh2 Rf1 54. Rd5 Kh6 55. Rd3 Kg5 56. g3 Rf2+ 57. Kh3 Kg6 58. f4 Kf5 59. Rd5+ Kg6 60. Rd6+ Kg7 61. Kh4 Rg2 62. Rd5 Rh2+ 63. Kg5 Rh3 64. Rd3 Kf7 65. Ra3 Rh1 66. f5 Rf1 67. Ra7+ Kf8 68. Kg6 Rf3 69. g4 1-0

[Event "Sautron Loire Masters 1st"]
[Site "Sautron"]
[Date "2012.10.28"]
[Round "2"]
[White "Duboue, Peio"]
[Black "Crouan, Stephane"]
[Result "1-0"]
[WhiteElo "2294"]
[BlackElo "2203"]
[PlyCount "87"]
[EventDate "2012.10.27"]
[EventType "tourn"]
[EventRounds "9"]
[EventCountry "FRA"]
[EventCategory "4"]
[SourceTitle "EXT 2013"]
[Source "ChessBase"]
[SourceDate "2012.11.22"]
[SourceVersion "1"]
[SourceVersionDate "2012.11.22"]
[SourceQuality "1"]

1. e4 c5 2. Nf3 d6 3. d4 cxd4 4. Nxd4 Nf6 5. Nc3 a6 6. f3 Qb6 7. Nb3 Nc6 8. Qe2 e6 9. Be3 Qc7 10. 0-0-0 b5 11. Qf2 Rb8 12. g4 Be7 13. g5 Nd7 14. f4 Nb6 15. h4 Nc4 16. Bxc4 bxc4 17. Nd2 Na5 18. Ba7 Rb7 19. Bd4 Rg8 20. f5 Qb8 21. Ne2 e5 22. Bc3 Rb5 23. Ng3 g6 24. Qe2 Qc7 25. Kb1 Bb7 26. Bxa5 Qxa5 27. Nxc4 Qb4 28. c3 Qxc3 29. Nxd6+ Bxd6 30. Qxb5+ axb5 31. bxc3 Ke7 32. fxg6 fxg6 33. h5 Ke6 34. hxg6 hxg6 35. Rh7 Be7 36. Rf1 Ba8 37. Rff7 Bxg5 38. Ra7 Kd6 39. Rag7 Rxg7 40. Rxg7 Bf4 41. Rxg6+ Kc5 42. Kb2 b4 43. cxb4+ Kxb4 44. Ra6 1-0

[Event "Sautron op 11th"]
[Site "Sautron"]
[Date "2012.09.01"]
[Round "3"]
[White "Jaouen, Valentin"]
[Black "Crouan, Stephane"]
[Result "1/2-1/2"]
[WhiteElo "1970"]
[BlackElo "2211"]
[PlyCount "60"]
[EventDate "2012.08.31"]
[EventType "swiss"]
[EventRounds "6"]
[EventCountry "FRA"]
[SourceTitle "EXT 2013"]
[Source "ChessBase"]
[SourceDate "2012.11.22"]
[SourceVersion "1"]
[SourceVersionDate "2012.11.22"]
[SourceQuality "1"]

1. e4 e5 2. Nf3 Nc6 3. Bb5 g6 4. 0-0 Bg7 5. c3 Nge7 6. d3 0-0 7. Re1 a6 8. Ba4 b5 9. Bb3 Na5 10. Bc2 c5 11. Nbd2 Qc7 12. Nb3 Nb7 13. a4 Rb8 14. axb5 axb5 15. h3 Nd8 16. Nh2 d5 17. Nd2 d4 18. cxd4 exd4 19. b3 Ne6 20. Ndf1 c4 21. bxc4 bxc4 22. Ng4 c3 23. g3 h5 24. Ngh2 h4 25. Kg2 Rb5 26. Nf3 hxg3 27. fxg3 Qb7 28. Ba3 Rd8 29. Rb1 Nc6 30. Ba4 Rxb1 1/2-1/2

[Event "Saint Affrique op 19th"]
[Site "Saint Affrique"]
[Date "2011.07.30"]
[Round "9"]
[White "Crouan, Stephane"]
[Black "Milchev, Nikolay"]
[Result "1/2-1/2"]
[WhiteElo "2198"]
[BlackElo "2389"]
[PlyCount "196"]
[EventDate "2011.07.23"]
[EventType "swiss"]
[EventRounds "9"]
[EventCountry "FRA"]
[SourceTitle "CBM 143 Extra"]
[Source "ChessBase"]
[SourceDate "2011.08.29"]
[SourceVersion "1"]
[SourceVersionDate "2011.08.29"]
[SourceQuality "1"]

1. d4 d5 2. Nf3 Nc6 3. Bf4 Bg4 4. e3 e6 5. c4 Nf6 6. Nc3 a6 7. h3 Bh5 8. Be2 dxc4 9. Bxc4 Bd6 10. Bxd6 cxd6 11. 0-0 0-0 12. Be2 Bxf3 13. Bxf3 d5 14. Rc1 Qd6 15. Qe2 Nd7 16. g3 b5 17. Bg2 Rac8 18. Rfd1 f5 19. Kh2 Nf6 20. f3 Nh5 21. Qf2 Rc7 22. a4 b4 23. Ne2 Rfc8 24. e4 fxe4 25. fxe4 dxe4 26. Bxe4 Nf6 27. Bg2 Ne7 28. Rxc7 Rxc7 29. Qf4 Qxf4 30. Nxf4 Rc2 31. Kg1 Rxb2 32. Nxe6 Ned5 33. Re1 Nc3 34. Bf1 Rd2 35. Bc4 h6 36. a5 Kh8 37. Nf4 g5 38. Ng6+ Kg7 39. Ne7 Nfe4 40. Nf5+ Kf6 41. g4 h5 42. Nd6 Rxd4 43. Rf1+ Kg6 44. gxh5+ Kh7 45. Rf7+ Kg8 46. Rb7+ Kh8 47. Rb8+ Kh7 48. Bg8+ Kh8 49. Bf7+ Kg7 50. Nf5+ Kxf7 51. Nxd4 Nd5 52. Rb7+ Kg8 53. Nc6 Nc5 54. Rb8+ Kh7 55. Nxb4 Nf4 56. Kh2 Nb3 57. Rb7+ Kh8 58. Nxa6 Nxa5 59. Rb5 Nc6 60. Rxg5 Nd4 61. Rc5 Kg7 62. Kg3 Nfe6 63. Ra5 Nc6 64. Rd5 Ne7 65. Rd7 Kf6 66. Nc7 Nf5+ 67. Kg4 Nh6+ 68. Kf3 Ng5+ 69. Kg2 Ngf7 70. Rd5 Nf5 71. Ra5 N7d6 72. Nd5+ Kg7 73. Nf4 Kh6 74. Kf3 Kg5 75. Rd5 Kh6 76. Ne2 Kxh5 77. Ng3+ Kg6 78. Nxf5 Nxf5 79. Kf4 Ng7 80. Kg4 Ne8 81. Ra5 Nf6+ 82. Kf3 Kh6 83. h4 Kg6 84. Rg5+ Kh6 85. Rf5 Kg6 86. Kf4 Nh5+ 87. Ke5 Ng7 88. Rg5+ Kh6 89. Kf6 Nh5+ 90. Kf7 Nf4 91. Rg4 Nd3 92. Kf6 Kh5 93. Kf5 Nf2 94. Rd4 Nh3 95. Rc4 Ng1 96. Rc1 Ne2 97. Re1 Ng3+ 98. Kf4 Kxh4 1/2-1/2